{"text_format":"1","workbook":"xlsx","n_sheets":4,"sheets":["прайс1","прайс2","прайс3","вывод"],"not_rendered":{"charts":0,"images":0,"macros":1,"external_links":0,"defined_names":0,"comments":0,"pivot_tables":0},"unopened":[],"bounds":{"document_bytes":16777216,"sheet_cells":100000,"rows_first":2000,"rows_last":500,"rows_between":2000,"halvings":0,"cell_chars":16384,"cell_head_chars":4096},"cells_cut":0,"cells_raw":0,"read":"whole","date_system":"1900"}

{"sheet":"прайс1","index":0,"n_rows":10,"n_cols":5,"rows_kept":10,"cut":false,"hidden":false,"merged":[[0,0,0,4],[4,0,5,0],[4,1,5,1],[4,2,5,2],[4,3,5,3],[4,4,5,4],[2,0,3,0],[2,1,3,1],[2,2,3,2],[2,3,3,3],[2,4,3,4]]}
["Заголовок 1"]
["Наименование","единица","кол-во","цена","сумма"]
["Стекло сатин (толщина 4мм) тонированное цветной пленкой Oracal серия 8500 (аналог Лакомат)","кв.м",null,1700,{"$f":"C3*D3","v":0}]
[]
["Декоративные пленки (браш, 4D, алмазная крошка, хамелеон) на стекле (толщина 4мм)","кв.м",null,2000,{"$f":"C5*D5","v":0}]
[]
["Искусственная кожа","кв.м",3.3,2000,{"$f":"C7*D7","v":6600}]
["Искусственная замша","кв.м",null,2000,{"$f":"C8*D8","v":0}]
["Цветное стекло \"Лакобель\" крашеное","кв.м",0.2,2300,{"$f":"C9*D9","v":460}]
["Декоративные зеркала 1 категория","кв.м",null,2000,{"$f":"C10*D10","v":0}]

{"sheet":"прайс2","index":1,"n_rows":9,"n_cols":5,"rows_kept":9,"cut":false,"hidden":false,"merged":[[0,0,0,4],[2,0,3,0],[2,1,3,1],[2,2,3,2],[2,3,3,3],[2,4,3,4]]}
["Заголовок 2"]
["Наименование","единица","кол-во","цена","сумма"]
["Декоративные зеркала 2 категория","кв.м",4.0999999999999996,2700,{"$f":"C3*D3","v":11069.999999999998}]
[]
["Декоративные зеркала 3 категория","кв.м",null,3200,{"$f":"C5*D5","v":0}]
["Цветной рисунок, крашеный на зеркале (цвет серебро) со стороны амольгамы в один цвет (шелкография)","кв.м",null,2700,0]
["Двухцветный крашеный рисунок на стекле \"Лакобель\"","кв.м",null,3800,0]
["Фотопечать на стекле 4мм","кв.м",null,3800,0]
["МДФ в пленке","кв.м",null,3200,0]

{"sheet":"прайс3","index":2,"n_rows":12,"n_cols":6,"rows_kept":12,"cut":false,"hidden":false,"merged":[[0,0,0,5]]}
["Заголовок 3"]
["Наименование","уточнения","единица","кол-во","цена","сумма"]
["GTV вешалка для брюк и галстуков","450х215х81","шт",null,590,{"$f":"D3*E3","v":0}]
["GTV пантограф стальной с газ.амортизатором","600-830","шт",null,2500,0]
["Штанга хромированная",null,"шт",1,150,150]
["Кронштейн выдвижной","250-450","шт",null,150,0]
["Направляющая Hettich Quadro V6","250-500","шт",null,1500,0]
["GTV полка для обуви","450-700","шт",null,500,0]
["GTV полка для обуви","564х460х170","шт",2,3500,7000]
["GTV вешалка для галстуков и юбок",null,"шт",null,690,0]
["Направляющие ПВШ","250-500","шт",null,200,0]
["Светильник Дуга",null,"шт",null,700,0]

{"sheet":"вывод","index":3,"n_rows":14,"n_cols":6,"rows_kept":14,"cut":false,"hidden":false,"merged":[[10,0,10,5],[1,0,1,4],[6,0,6,4]]}
[]
["Заголовок 1"]
["Наименование","единица","кол-во","цена","сумма"]
["Искусственная кожа","кв.м",3.3,2000,6600]
["Цветное стекло \"Лакобель\" крашеное","кв.м",0.2,2300,460]
[]
["Заголовок 2"]
["Наименование","единица","кол-во","цена","сумма"]
["Декоративные зеркала 2 категория","кв.м",4.0999999999999996,2700,11069.999999999998]
[]
["Заголовок 3"]
["Наименование","уточнения","единица","кол-во","цена","сумма"]
["Штанга хромированная",null,"шт",1,150,150]
["GTV полка для обуви","564х460х170","шт",2,3500,7000]